| 000 | 00696cam a2200145 4500500 | ||
|---|---|---|---|
| 005 | 20251214003232.0 | ||
| 041 | _afre | ||
| 042 | _adc | ||
| 100 | 1 | 0 |
_aCordier, Françoise _eauthor |
| 700 | 1 | 0 |
_aGaonac’h, Daniel _eauthor |
| 245 | 0 | 0 | _aApprentissage et mémoire |
| 260 |
_bArmand Colin,
_c2010. |
||
| 520 | _aBien que centré sur une approche de psychologie, l’ouvrage exploite aussi les données des neurosciences, notamment celles qui, en neuropsychologie, portent sur les troubles de la mémoire issus de lésions cérébrales ou de maladies neurovégétatives. | ||
| 856 | 4 | 1 | _uhttps://shs.cairn.info/apprentissage-et-memoire--9782200249908?lang=fr&redirect-ssocas=7080 |
| 999 |
_c1567633 _d1567633 |
||